Welcome to CU Library Online Public Access Catalogue (OPAC)

Business and administrative communication / (Record no. 4588)

MARC details
000 -LEADER
fixed length control field 00629pam a2200217 a 4500
001 - CONTROL NUMBER
control field 1070623
005 - DATE AND TIME OF LATEST TRANSACTION
control field 20250308115609.0
008 - FIXED-LENGTH DATA ELEMENTS--GENERAL INFORMATION
fixed length control field 910703s1992 ilua b 001 0 eng
020 ## - INTERNATIONAL STANDARD BOOK NUMBER
International Standard Book Number 0256087474
020 ## - INTERNATIONAL STANDARD BOOK NUMBER
International Standard Book Number 9780256087475
050 00 - LIBRARY OF CONGRESS CALL NUMBER
Classification number HF5718
Item number .L63 1992
082 00 - DEWEY DECIMAL CLASSIFICATION NUMBER
Classification number 651.7
Edition information 20
100 1# - MAIN ENTRY--PERSONAL NAME
Personal name Locker, Kitty O.
245 10 - TITLE STATEMENT
Title Business and administrative communication /
Statement of responsibility, etc. Kitty O. Locker.
250 ## - EDITION STATEMENT
Edition statement 2nd ed.
260 ## - PUBLICATION, DISTRIBUTION, ETC.
Place of publication, distribution, etc. Homewood, IL :
Name of publisher, distributor, etc. Irwin,
Date of publication, distribution, etc. c1992.
300 ## - PHYSICAL DESCRIPTION
Extent xxiii, 775 p. :
Other physical details col. ill. ;
Dimensions 26 cm.
650 #0 - SUBJECT ADDED ENTRY--TOPICAL TERM
Topical term or geographic name entry element Business communication.
650 #0 - SUBJECT ADDED ENTRY--TOPICAL TERM
Topical term or geographic name entry element Communication in management.
942 ## - ADDED ENTRY ELEMENTS (KOHA)
Source of classification or shelving scheme Library of Congress Classification
Koha item type Books
Edition 2nd Ed.
Suppress in OPAC No
999 ## -
-- 4588
-- 4588
Holdings
Withdrawn status Lost status Source of classification or shelving scheme Damaged status Not for loan Collection Home library Current library Shelving location Date acquired Total checkouts Full call number Barcode Date last seen Copy number Price effective from Koha item type
    Library of Congress Classification     Non-fiction Business Library (Miotso) Business Library (Miotso) General stacks 03/08/2025   HF5718 .L63 1992 BSSM00001239 03/08/2025 1 03/08/2025 Books
    Library of Congress Classification     Non-fiction Business Library (Miotso) Business Library (Miotso) General stacks 03/08/2025   HF5718 .L63 1992 BSSM00001240 03/08/2025 2 03/08/2025 Books
© 2023-2024 Copyright: Central University Libraries. All Rights Reserved | Created by: Mahone Tech Office